Formas religiosas populares en América Latina: sus relaciones con la teología de la liberación

Uloženo v:
Podrobná bibliografie
Hlavní autoři: Montagne González, Gaspar (autor), Ramírez Calzadilla, Jorge (Autor)
Médium: Kniha
Jazyk:španělština
Vydáno: La Habana Editora Política 1994
Edice:Colección Voz
Témata:
Tagy: Přidat tag
Žádné tagy, Buďte první, kdo vytvoří štítek k tomuto záznamu!

MARC

LEADER 00000nam a2200000 a 4500
001 UCY8212
003 CL-VaPUC
008 950703e19940000CU |||||||||||||||||spa|d
082 0 4 |a 261.8  |b MON  |2 21 
100 |a Montagne González, Gaspar  |e autor  |9 339454 
700 0 |a Ramírez Calzadilla, Jorge  |e author  |9 339455 
245 1 0 |a Formas religiosas populares en América Latina: sus relaciones con la teología de la liberación 
300 |a 121 p 
942 |c BK 
945 |d 19950703 00:00:00  |a aalvarez 
260 |a La Habana  |b Editora Política  |c 1994 
650 0 |a Teología de la liberación   |9 255471 
583 |a last modification  |c 19950703 00:00:00  |k Rodrigo Vera 
490 0 |a Colección Voz 
999 |c 235489  |d 235487 
952 |0 0  |1 0  |4 0  |6 261_800000000000000_MON_1994  |7 0  |8 A  |9 242962  |a BIBGIM  |b BIBGIM  |d 2019-11-18  |i 3090590  |o 261.8 MON 1994  |p 3090590  |r 2025-01-15  |w 2019-11-18  |y BK  |k SSL 
952 |0 0  |1 0  |4 0  |6 261_800000000000000_MON_1994  |7 0  |8 A  |9 242963  |a BIBGIM  |b BIBGIM  |d 2019-11-18  |i 3090582  |o 261.8 MON 1994  |p 3090582  |r 2025-01-15  |w 2019-11-18  |y BK  |k SSL